00497nam a2200133Ia 4500003000900000008004100009040001600050080002200066110003800088245011800126260005500244300001600299650004800315IN-BaIIA211028s9999 xx 000 0 eng d cIIA Library a047:331.2bAIRF-3 aAll India Railwaymen's Federation 0aReports of the fifth central pay commissionbvol. 3cAll India Railwaymen's federation  aNew DelhibAll India Railwaymen's Federationc1997 aviii, 2054p aPay commission-report, fifth pay commission